000
00326nam a22001457a 4500
008
210222b ||||| |||| 00| 0 eng d
020
_a
058147087500679500000000
041
_a
eng
080
_2
3rd
_a
336
082
_a
336
100
_a
56
101
_a
FIN
245
_a
International Finance
_c
Levi, M.D
942
_2
udc
_c
BK
999
_c
55098
_d
55098